| 000 | 00679nam a2200229Ia 4500 | ||
|---|---|---|---|
| 005 | 20241216010104.0 | ||
| 008 | 180423s9999||||xx |||||||||||||| ||und|| | ||
| 020 | _a968-24-3378-9 | ||
| 082 |
_a371.9 _bC18 |
||
| 100 | _aCALDWELL, BETTYE Y OTROS | ||
| 245 | 0 |
_aEDUCACION DE NIÑOS INCAPACITADOS _bGUIA PARA LOS PRIMEROS TRES AÑOS DE VIDA |
|
| 250 | _a2 | ||
| 260 |
_aMEXICO _bTRILLAS _c1989 |
||
| 300 |
_a203 pag. _c23 cm |
||
| 341 | _h53.25 | ||
| 490 |
_v0 _a0 |
||
| 505 | _aPROGRAMAS-EVALUACION INFANTIL/REHABILITACION-CENTRO INFANTIL | ||
| 541 |
_aC _bLIBRERIA SAN CRISTOBAL _d20-Nov-95 _odólar |
||
| 650 | _aCIENCIAS SOCIALES | ||
| 856 | _zHumanidades | ||
| 942 | _cLIBRO | ||
| 999 |
_c5222 _d5222 |
||